000 00615nam a2200169 a 4500
001 000028063
005 20200930031323.0
008 110406s1957 dr 000 0 spa d
040 _aDO-SdBNP
_bspa
_cBNPHU
100 1 _aFignolé, Daniel
_955087
245 1 3 _aEl Noroeste dominicano :
_b[Conferencia pronunciada el miércoles 2 de junio de 1948] /
_cDaniel Fignolé.
260 _aCiudad Trujillo, República Dominicana :
_bEdicones Ateno Dominicano,
_c1957.
300 _a30 p. ;
_c23 cm.
504 _aBibliografía : p. 29-30
534 _aReprodución
_bHaiti
_cImprenta de A. P. Barthelemy, 1949
049 _aBNPD
999 _c27555
_d27555